[Event "Titled Tue 10th Jun Early"]
[Site "chess.com INT"]
[Date "2025.06.10"]
[Round "1"]
[White "Bratovic, Blaz"]
[Black "Sarana, Alexey"]
[Result "0-1"]
[WhiteTitle "IM"]
[BlackTitle "GM"]
[WhiteElo "2319"]
[BlackElo "2686"]
[WhiteFideId "14603551"]
[BlackFideId "24133795"]
[EventDate "2025.06.10"]

1. e4 e5 2. Nf3 Nc6 3. Bc4 Bc5 4. d3 Nf6 5. c3 d6 6. a4 a6 7. O-O Ba7 8. b4 O-O
9. a5 d5 10. exd5 Nxd5 11. Qb3 Nf6 12. Nbd2 Bf5 13. Qc2 Qe7 14. Ne4 h6 15. b5
axb5 16. Bxb5 Rad8 17. Ba3 Qe6 18. Bxf8 Rxf8 19. a6 bxa6 20. Rxa6 Bb6 21. Rfa1
Ng4 22. Nfd2 Kh7 23. Bxc6 Qxc6 24. h3 Bxe4 25. Nxe4 f5 26. hxg4 fxe4 27. dxe4
Qc4 28. R6a4 Qe6 29. Rf1 Qxg4 30. Qd3 Rf6 31. Ra8 Rg6 32. g3 Qh3 0-1

[Event "Titled Tue 10th Jun Early"]
[Site "chess.com INT"]
[Date "2025.06.10"]
[Round "1"]
[White "Flynn, Jacob"]
[Black "Haddouche, Mohamed"]
[Result "1/2-1/2"]
[WhiteTitle "CM"]
[BlackTitle "GM"]
[WhiteElo "2274"]
[BlackElo "2490"]
[WhiteFideId "2509393"]
[BlackFideId "7900660"]
[EventDate "2025.06.10"]

1. Nf3 Nf6 2. g3 g6 3. Bg2 Bg7 4. O-O O-O 5. d4 d6 6. c4 Nc6 7. Nc3 Bg4 8. h3
Bxf3 9. Bxf3 Nd7 10. e3 e5 11. dxe5 Ndxe5 12. Be2 Na5 13. Qa4 c6 14. Bd2 a6 15.
Rac1 Naxc4 16. Bxc4 b5 17. Bxf7+ Rxf7 18. Qc2 Nf3+ 19. Kg2 Qd7 20. e4 Raf8 21.
Be3 c5 22. Rcd1 Bd4 23. Nd5 h5 24. b4 Kh7 25. bxc5 dxc5 26. Nf4 Ne5 27. Ne2 Nf3
28. Nf4 Ne5 29. Ne2 Nf3 30. Nf4 1/2-1/2

[Event "Titled Tue 10th Jun Early"]
[Site "chess.com INT"]
[Date "2025.06.10"]
[Round "1"]
[White "Coe, William"]
[Black "Elier, Ali"]
[Result "0-1"]
[BlackTitle "CM"]
[WhiteElo "2078"]
[BlackElo "2142"]
[WhiteFideId "30913624"]
[BlackFideId "16217543"]
[EventDate "2025.06.10"]

1. e4 e5 2. Nf3 Nc6 3. Bb5 a6 4. Ba4 b5 5. Bb3 Na5 6. d4 exd4 7. Nxd4 Bb7 8. O-O
c5 9. Bxf7+ Kxf7 10. Nf5 g6 11. Nd6+ Bxd6 12. Qxd6 Qf6 13. Qc7 Qd8 14. Qxc5 Rc8
15. Qd4 Qf6 16. Qxd7+ Ne7 17. Nc3 b4 18. Nd5 Bxd5 19. exd5 Rhd8 20. Qg4 Rxd5 21.
Qxb4 Rxc2 22. Bh6 Rxb2 23. Qa3 Rf5 24. Be3 Nc4 25. Qd3 Nxe3 26. Qxe3 Rbxf2 27.
Qb3+ Kg7 28. Rfe1 Rxg2+ 29. Kxg2 Rg5+ 30. Kh1 Qc6+ 0-1

[Event "Titled Tue 10th Jun Early"]
[Site "chess.com INT"]
[Date "2025.06.10"]
[Round "1"]
[White "Puzyrevsky, Semyon"]
[Black "Koridze, Lile"]
[Result "1/2-1/2"]
[WhiteTitle "FM"]
[BlackTitle "WFM"]
[WhiteElo "2292"]
[BlackElo "2110"]
[WhiteFideId "24240931"]
[BlackFideId "13612514"]
[EventDate "2025.06.10"]

1. e4 c5 2. Nf3 d6 3. d4 cxd4 4. Nxd4 Nf6 5. Nc3 a6 6. f3 e5 7. Nb3 Be6 8. Be3
Nbd7 9. Qd2 Rc8 10. O-O-O b5 11. g4 h6 12. h4 Qc7 13. Kb1 Nb6 14. Qf2 Nc4 15.
Bxc4 bxc4 16. Bb6 Qb8 17. Na5 Nd7 18. Na4 Be7 19. g5 Nxb6 20. Qxb6 Qxb6 21. Nxb6
Rc5 22. Nb7 Rb5 23. Nxd6+ Bxd6 24. Rxd6 hxg5 25. a4 Rc5 26. h5 Ke7 27. Rdd1 Rb8
28. Nd5+ Bxd5 29. exd5 Rd8 30. h6 gxh6 31. Rxh6 Rcxd5 32. Rxd5 Rxd5 33. Rxa6
Rd1+ 34. Ka2 Rf1 35. Rc6 Rxf3 36. Rxc4 Rf4 1/2-1/2

[Event "Titled Tue 10th Jun Early"]
[Site "chess.com INT"]
[Date "2025.06.10"]
[Round "1"]
[White "Cruz, Bitia"]
[Black "Grzesik, Gracjan"]
[Result "0-1"]
[WhiteTitle "WCM"]
[BlackTitle "CM"]
[WhiteElo "1696"]
[BlackElo "2175"]
[WhiteFideId "8400644"]
[BlackFideId "1194593"]
[EventDate "2025.06.10"]

1. e4 c5 2. Nf3 d6 3. c3 Nf6 4. Bd3 g6 5. Bc2 Bg7 6. d4 cxd4 7. cxd4 Bg4 8. Nc3
O-O 9. O-O Nc6 10. a3 Bxf3 11. Qxf3 Nxd4 12. Qd3 Nxc2 13. Qxc2 Rc8 14. Qd3 a6
15. Be3 Qa5 16. f4 Ng4 17. Bd2 Qc5+ 18. Kh1 Nf2+ 19. Rxf2 Qxf2 20. Rf1 Qd4 21.
Qe2 e6 22. f5 exf5 23. exf5 Rfe8 24. Qd1 Rc5 25. fxg6 hxg6 26. Qc1 Rce5 27. Bf4
R5e6 28. Bg3 b5 29. Rd1 Qc4 30. Rf1 Be5 31. Bf2 Bd4 32. Bg3 Rc8 33. Qh6 Qxf1# 0-1

[Event "Titled Tue 10th Jun Early"]
[Site "chess.com INT"]
[Date "2025.06.10"]
[Round "1"]
[White "Diao, Matthew Guo"]
[Black "Marichal Gonzalez, Ariel"]
[Result "1-0"]
[WhiteTitle "CM"]
[BlackTitle "IM"]
[WhiteElo "2244"]
[BlackElo "2268"]
[WhiteFideId "30970547"]
[BlackFideId "3503232"]
[EventDate "2025.06.10"]

1. Nf3 d5 2. b3 Nf6 3. Bb2 c5 4. e3 Nc6 5. Bb5 Bd7 6. O-O e6 7. Bxc6 Bxc6 8. Ne5
Rc8 9. d3 b6 10. Nd2 Bb7 11. f4 Be7 12. Qf3 O-O 13. Rae1 Nd7 14. Ng4 f5 15. Ne5
Nxe5 16. Bxe5 Bf6 17. Bxf6 Rxf6 18. Kh1 Qc7 19. Qe2 e5 20. Nf3 e4 21. Ne5 Ba6
22. c4 exd3 23. Qxd3 Rd8 24. Rd1 Rff8 25. Qc2 d4 26. exd4 cxd4 27. Qf2 Qc5 28.
Nf3 b5 29. cxb5 Bxb5 30. Rfe1 Rd6 31. Rxd4 Rfd8 32. Rxd6 Qxf2 33. Rxd8+ Kf7 34.
Ne5+ Ke6 35. Nd3+ 1-0

[Event "Titled Tue 10th Jun Early"]
[Site "chess.com INT"]
[Date "2025.06.10"]
[Round "1"]
[White "Galperin, Platon"]
[Black "Napoli, Nicolo"]
[Result "1-0"]
[WhiteTitle "GM"]
[BlackTitle "FM"]
[WhiteElo "2500"]
[BlackElo "2264"]
[WhiteFideId "14165414"]
[BlackFideId "813702"]
[EventDate "2025.06.10"]

1. c4 e5 2. Nc3 Nc6 3. Nf3 f5 4. g3 Nf6 5. d4 e4 6. Nh4 g6 7. Bg5 Bg7 8. Ng2 h6
9. Bxf6 Qxf6 10. e3 d6 11. h4 O-O 12. Nf4 Ne7 13. c5 dxc5 14. dxc5 Kh7 15. Rc1
c6 16. Bc4 Qe5 17. Qd6 b5 18. Bb3 a5 19. h5 g5 20. Ng6 Qxd6 21. Nxf8+ Bxf8 22.
cxd6 Ng8 23. Nxb5 cxb5 24. Rc7+ Kh8 25. d7 Bb4+ 26. Ke2 Ba6 27. Rhc1 a4 28. Bxg8
Rxg8 29. Rc8 Be7 30. Rxg8+ Kxg8 31. Rc8+ Kf7 32. d8=Q b4+ 33. Kd1 1-0

[Event "Titled Tue 10th Jun Early"]
[Site "chess.com INT"]
[Date "2025.06.10"]
[Round "1"]
[White "Zlatin, Alexander"]
[Black "Ashraf, Artin"]
[Result "0-1"]
[WhiteTitle "FM"]
[BlackTitle "FM"]
[WhiteElo "2313"]
[BlackElo "2407"]
[WhiteFideId "2810549"]
[BlackFideId "22514805"]
[EventDate "2025.06.10"]

1. e4 c6 2. c4 d5 3. cxd5 cxd5 4. exd5 Nf6 5. Bb5+ Nbd7 6. Nc3 a6 7. Qa4 g6 8.
Nge2 Bg7 9. O-O O-O 10. Bxd7 Bxd7 11. Qb3 b5 12. d3 a5 13. Nxb5 a4 14. Qc4 Rc8
15. Qxa4 Rc5 16. Nec3 Nxd5 17. Qb3 Be6 18. Qa3 Rc6 19. d4 Nxc3 20. Nxc3 Qxd4 21.
Be3 Qh4 22. Qa4 Rc4 23. Qa6 Be5 24. f4 Bxc3 25. bxc3 Rxc3 26. Bd4 Rc2 27. Qd3
Rfc8 28. Qe3 Qg4 29. Rf2 Bd5 30. Qe5 Rc1+ 31. Rf1 Qxg2# 0-1

[Event "Titled Tue 10th Jun Early"]
[Site "chess.com INT"]
[Date "2025.06.10"]
[Round "1"]
[White "Ghoreishi Amiri, Seyed Kian"]
[Black "Ugarte Soto, Cesar"]
[Result "1-0"]
[WhiteTitle "CM"]
[BlackTitle "CM"]
[WhiteElo "2216"]
[BlackElo "2088"]
[WhiteFideId "36757527"]
[BlackFideId "3601331"]
[EventDate "2025.06.10"]

1. e4 c5 2. Nf3 d6 3. d4 cxd4 4. Nxd4 Nf6 5. Nc3 g6 6. f3 h5 7. Be3 a6 8. Qd2
Bg7 9. O-O-O Nbd7 10. Kb1 Qc7 11. Be2 b5 12. Nd5 Nxd5 13. exd5 Bb7 14. Nb3 Ne5
15. Na5 O-O 16. f4 Nc4 17. Nxc4 bxc4 18. Bd4 Rfc8 19. Bxg7 Kxg7 20. Qd4+ Kg8 21.
c3 Rab8 22. f5 Qc5 23. fxg6 fxg6 24. Qe4 Kf7 25. Rhf1+ Ke8 26. Qxg6+ Kd8 27. Qe6
Kc7 28. Qxe7+ Kb6 29. Rf6 Rd8 30. Bf3 Ka7 31. Rf7 Re8 32. Qc7 Rec8 33. Qxc5+
Rxc5 34. Bxh5 Ka8 35. Bf3 Bc8 36. h4 Rcb5 37. Rd2 R5b7 38. Rxb7 Rxb7 39. h5 Bf5+
40. Kc1 Re7 41. g4 Re1+ 42. Rd1 Re3 43. gxf5 Rxf3 44. h6 Rxf5 45. Rh1 Rf8 46. h7
Rh8 47. Kd2 Kb7 48. Ke3 Kb6 49. Kf4 Kc5 50. Kf5 Kxd5 51. Kg6 Ke4 52. Kg7 Rb8 53.
h8=Q Rxh8 54. Kxh8 d5 55. Rh4+ Kd3 56. Rh2 d4 57. cxd4 Kxd4 58. Kg7 a5 59. Kf6
a4 60. a3 c3 61. bxc3+ Kxc3 62. Ke5 Kb3 63. Rh3+ Ka2 64. Kd4 Kb1 65. Kc4 Kb2 66.
Kb4 Ka2 67. Kxa4 Kb2 68. Kb4 1-0

[Event "Titled Tue 10th Jun Early"]
[Site "chess.com INT"]
[Date "2025.06.10"]
[Round "1"]
[White "Gibala, Adam"]
[Black "Sayce, Hannah"]
[Result "1-0"]
[WhiteTitle "CM"]
[BlackTitle "WCM"]
[WhiteElo "2245"]
[BlackElo "1877"]
[WhiteFideId "21070288"]
[BlackFideId "3250695"]
[EventDate "2025.06.10"]

1. Nf3 d5 2. e3 e6 3. c4 Nf6 4. b3 Be7 5. Bb2 O-O 6. Be2 b6 7. O-O Ba6 8. d4
Nbd7 9. Nbd2 Rc8 10. Rc1 c5 11. cxd5 Bxe2 12. Qxe2 exd5 13. Rfd1 Re8 14. Ne5 Bd6
15. Ndf3 Qe7 16. Nxd7 Qxd7 17. dxc5 Rxc5 18. Bxf6 gxf6 19. Qd3 Rd8 20. Rxc5 bxc5
21. g3 Be5 22. Kg2 Qb7 23. e4 Bd4 24. Re1 dxe4 25. Qxe4 Qa6 26. Qg4+ Kf8 27. Qf4
Qxa2 28. Nxd4 cxd4 29. Qxf6 Re8 30. Qh8# 1-0

[Event "Titled Tue 10th Jun Early"]
[Site "chess.com INT"]
[Date "2025.06.10"]
[Round "1"]
[White "Loskutova, Viktoriya"]
[Black "Martinez Alcantara, Jose Eduardo"]
[Result "0-1"]
[WhiteTitle "WFM"]
[BlackTitle "GM"]
[WhiteElo "2092"]
[BlackElo "2611"]
[WhiteFideId "34166278"]
[BlackFideId "3805662"]
[EventDate "2025.06.10"]

1. e4 e5 2. Nf3 Nc6 3. Bb5 a6 4. Ba4 Nf6 5. d3 d6 6. c3 Be7 7. O-O O-O 8. Re1 b5
9. Bc2 Re8 10. Nbd2 Bf8 11. Nf1 Ne7 12. a4 Rb8 13. b4 Ng6 14. axb5 axb5 15. Ng3
c5 16. Bg5 h6 17. Be3 cxb4 18. cxb4 d5 19. Bc5 Bxc5 20. bxc5 Be6 21. Nf5 Qc7 22.
Rc1 Red8 23. Qe2 Qxc5 24. Bb3 Qb4 25. Rb1 Nf4 26. Qf1 Qc3 27. Ne7+ Kf8 28. Nxd5
Bxd5 29. exd5 Nxd3 30. Re3 e4 31. Ne1 Ng4 32. Rxe4 Ndxf2 33. Rf4 Qe5 34. g3 Ne4
35. Rxf7+ Kg8 36. d6 Kh8 37. Nf3 Qc5+ 38. Kg2 Ne3+ 0-1

[Event "Titled Tue 10th Jun Early"]
[Site "chess.com INT"]
[Date "2025.06.10"]
[Round "1"]
[White "Kovalenko, Igor"]
[Black "Gbiorczyk, Mikolaj"]
[Result "1-0"]
[WhiteTitle "GM"]
[BlackTitle "CM"]
[WhiteElo "2676"]
[BlackElo "2191"]
[WhiteFideId "14117908"]
[BlackFideId "21080763"]
[EventDate "2025.06.10"]

1. d4 f5 2. c4 Nf6 3. Nc3 d6 4. Nf3 g6 5. b4 Bg7 6. Bb2 O-O 7. e3 Kh8 8. Be2 Be6
9. O-O Bg8 10. a4 c6 11. a5 Nbd7 12. Qc2 e5 13. dxe5 dxe5 14. Rad1 Qe7 15. c5 a6
16. Na4 Rad8 17. Nb6 Nxb6 18. axb6 Nd5 19. Qa4 Rd7 20. Rd2 Rfd8 21. Rfd1 e4 22.
Nd4 f4 23. exf4 e3 24. fxe3 Nxe3 25. Nxc6 Rxd2 26. Nxe7 Rxd1+ 27. Bxd1 Rxd1+ 28.
Kf2 Ng4+ 29. Ke2 Rd7 30. Bxg7+ Kxg7 31. Qxd7 1-0

[Event "Titled Tue 10th Jun Early"]
[Site "chess.com INT"]
[Date "2025.06.10"]
[Round "1"]
[White "Sadubayev, Airat"]
[Black "Mikhailova, Irina"]
[Result "1-0"]
[WhiteTitle "FM"]
[BlackTitle "WGM"]
[WhiteElo "2211"]
[BlackElo "2143"]
[WhiteFideId "13713264"]
[BlackFideId "4109040"]
[EventDate "2025.06.10"]

1. d4 Nf6 2. c4 g6 3. Nc3 d5 4. cxd5 Nxd5 5. e4 Nxc3 6. bxc3 Bg7 7. Nf3 c5 8.
Bb5+ Nc6 9. O-O cxd4 10. cxd4 O-O 11. Be3 Bd7 12. Rb1 b6 13. d5 Ne5 14. Nxe5
Bxe5 15. f4 Bg7 16. e5 Bxb5 17. Rxb5 Rc8 18. Qd3 Qd7 19. Rd1 Rfd8 20. Rb2 Qc7
21. Rbd2 Qc4 22. Qxc4 Rxc4 23. Kf2 Kf8 24. Ke2 Ke8 25. g3 Rdc8 26. Bd4 Rc2 27.
Kd3 Rxd2+ 28. Rxd2 Bf8 29. a4 Kd7 30. Ra2 f6 31. a5 fxe5 32. fxe5 e6 33. axb6
axb6 34. Ra7+ Rc7 35. dxe6+ Kc8 36. Ra8+ Kb7 37. Rxf8 1-0

[Event "Titled Tue 10th Jun Early"]
[Site "chess.com INT"]
[Date "2025.06.10"]
[Round "1"]
[White "Kuzmin, Roman"]
[Black "Fernandes, Rogerio Paulo Muller"]
[Result "1-0"]
[WhiteTitle "FM"]
[WhiteElo "2203"]
[BlackElo "2241"]
[WhiteFideId "44134932"]
[BlackFideId "2101599"]
[EventDate "2025.06.10"]

1. e4 e6 2. d4 d5 3. Nc3 Bb4 4. e5 c5 5. a3 Bxc3+ 6. bxc3 Ne7 7. Qg4 Kf8 8. h4
Qa5 9. Bd2 Qa4 10. Rc1 Nbc6 11. Nf3 b6 12. h5 h6 13. Bd3 Ba6 14. O-O Bxd3 15.
cxd3 c4 16. dxc4 Qxc4 17. Be3 Rc8 18. Nd2 Qa4 19. c4 Qxa3 20. cxd5 Nxd5 21. Nc4
Qe7 22. Nd6 Rc7 23. Nb5 Rc8 24. Nd6 Rc7 25. Qg3 Kg8 26. Nb5 Rc8 27. Nd6 Rc7 28.
f4 f5 29. Rf2 Nd8 30. Rfc2 Rxc2 31. Rxc2 Nxe3 32. Qxe3 Kh7 33. Qg3 Rf8 34. Rc8
Kg8 35. Qg6 a5 36. d5 exd5 37. Nxf5 Rxf5 38. Qxf5 1-0

[Event "Titled Tue 10th Jun Early"]
[Site "chess.com INT"]
[Date "2025.06.10"]
[Round "1"]
[White "Skiadopoulos, Nikolaos"]
[Black "Kopczynski, Michal"]
[Result "0-1"]
[WhiteTitle "CM"]
[BlackTitle "CM"]
[WhiteElo "1882"]
[BlackElo "2225"]
[WhiteFideId "4200772"]
[BlackFideId "1124200"]
[EventDate "2025.06.10"]

1. e4 b6 2. d4 Bb7 3. Bd3 e6 4. Ne2 Nf6 5. f3 d5 6. e5 Nfd7 7. O-O c5 8. c3 Nc6
9. f4 f5 10. exf6 gxf6 11. Be3 Qc7 12. dxc5 bxc5 13. c4 d4 14. Bf2 O-O-O 15. Nd2
Bd6 16. g3 Rhg8 17. Bxh7 Rg7 18. Be4 Bxf4 19. Nxf4 Qxf4 20. Qf3 Qxd2 21. Bxc6
Ne5 22. Bxb7+ Rxb7 23. Qxf6 Qe2 24. Qxe6+ Kb8 25. Qf6 Rg8 26. Rae1 Nf3+ 27. Kg2
Nxe1+ 28. Rxe1 Qxc4 29. b3 Qd5+ 30. Kg1 d3 31. Be3 Ka8 32. Qf2 Rf7 33. Bf4 Rgf8
34. Rd1 Rxf4 35. gxf4 Rg8+ 36. Kf1 Qh1+ 0-1

[Event "Titled Tue 10th Jun Early"]
[Site "chess.com INT"]
[Date "2025.06.10"]
[Round "1"]
[White "Smirnov, Alexandr A."]
[Black "Ferguson, Randal"]
[Result "1-0"]
[WhiteTitle "FM"]
[WhiteElo "2136"]
[BlackElo "2058"]
[WhiteFideId "24104396"]
[BlackFideId "30903106"]
[EventDate "2025.06.10"]

1. e4 c5 2. Nf3 d6 3. Bc4 Nf6 4. e5 dxe5 5. Nxe5 e6 6. Qe2 Be7 7. b3 O-O 8. Bb2
Qc7 9. O-O Nc6 10. Nxc6 Qxc6 11. a4 a6 12. a5 b5 13. axb6 Bb7 14. f4 Qxb6 15.
Nc3 Rfd8 16. d3 Rd7 17. f5 exf5 18. Rxf5 Re8 19. Na4 Qd8 20. Raf1 Bd6 21. Qd1
Bd5 22. Bxf6 Bxh2+ 23. Kxh2 Qc7+ 24. Kg1 Bxc4 25. Qg4 g6 26. bxc4 1-0

[Event "Titled Tue 10th Jun Early"]
[Site "chess.com INT"]
[Date "2025.06.10"]
[Round "1"]
[White "Buchenau, Frank"]
[Black "Manukyan, Sargis A."]
[Result "0-1"]
[WhiteTitle "FM"]
[BlackTitle "FM"]
[WhiteElo "2205"]
[BlackElo "2294"]
[WhiteFideId "4604350"]
[BlackFideId "13303970"]
[EventDate "2025.06.10"]

1. e4 c5 2. g3 d6 3. Bg2 Nc6 4. Ne2 g6 5. c3 Bg7 6. d4 cxd4 7. cxd4 Nf6 8. Nbc3
O-O 9. O-O Bg4 10. Be3 Bxe2 11. Qxe2 Rc8 12. f4 e6 13. e5 dxe5 14. dxe5 Nd5 15.
Nxd5 exd5 16. Rfd1 d4 17. Bxc6 Rxc6 18. Rxd4 Qc8 19. Rad1 f6 20. Rd7 fxe5 21.
Qb5 exf4 22. Qd5+ Kh8 23. Bd4 Bxd4+ 24. Qxd4+ Rcf6 25. Re1 fxg3 26. Ree7 Qc1+
27. Kg2 Qf1+ 28. Kxg3 Qf3+ 29. Kh4 g5+ 30. Kxg5 Rg8+ 31. Kh4 Qf2+ 32. Qxf2 Rh6# 0-1

[Event "Titled Tue 10th Jun Early"]
[Site "chess.com INT"]
[Date "2025.06.10"]
[Round "1"]
[White "Klymchuk, Andriy"]
[Black "Zheng, Marcus"]
[Result "1-0"]
[WhiteTitle "FM"]
[WhiteElo "2405"]
[BlackElo "1969"]
[WhiteFideId "14140063"]
[BlackFideId "30974038"]
[EventDate "2025.06.10"]

1. e4 c5 2. d4 cxd4 3. Qxd4 Nc6 4. Qd3 Nf6 5. Nc3 d6 6. Nf3 g6 7. Be2 Bg7 8. O-O
O-O 9. Nd5 Nxd5 10. exd5 Ne5 11. Nxe5 Bxe5 12. c3 Bg7 13. Bg5 Bf5 14. Qd2 Qc7
15. Rfe1 a6 16. a4 Rfe8 17. h3 Rab8 18. Be3 e5 19. dxe6 fxe6 20. a5 Kh8 21. Bb6
Qc6 22. Bf3 d5 23. g4 Be4 24. Bxe4 dxe4 25. Qe2 e5 26. Qxe4 Qf6 27. Rad1 Re6 28.
Rd7 Rf8 29. Re2 Bh6 30. Kg2 Bg5 31. f3 Rf7 32. Rd5 Bf4 33. Be3 Rfe7 34. c4 Qh4
35. Bf2 Qf6 36. Bg3 h5 37. b4 h4 38. Be1 g5 39. Bc3 Kg7 40. Re1 Kh6 41. Red1 Bg3
42. c5 Qf4 43. Rd6 Qf6 44. Rxe6 Qxe6 45. Rd6 1-0

[Event "Titled Tue 10th Jun Early"]
[Site "chess.com INT"]
[Date "2025.06.10"]
[Round "1"]
[White "Eliseev, Sergey"]
[Black "Amangeldy, Ernur"]
[Result "0-1"]
[WhiteTitle "FM"]
[BlackTitle "FM"]
[WhiteElo "2254"]
[BlackElo "2235"]
[WhiteFideId "1534734"]
[BlackFideId "13720244"]
[EventDate "2025.06.10"]

1. e4 Nf6 2. e5 Nd5 3. d4 d6 4. c4 Nb6 5. f4 dxe5 6. fxe5 Bf5 7. Nf3 e6 8. Bd3
Bb4+ 9. Nc3 Bxd3 10. Qxd3 c5 11. a3 Bxc3+ 12. bxc3 Nc6 13. Bg5 Qd7 14. Rd1 Na5
15. dxc5 Qxd3 16. Rxd3 Nbxc4 17. Ke2 h6 18. Bh4 Nb3 19. Bf2 Rd8 20. Rb1 Nba5 21.
c6 b6 22. c7 Rc8 23. Bh4 g5 24. Nxg5 hxg5 25. Bxg5 Nc6 26. Rbd1 O-O 27. Bf6
N4xe5 28. Rg3+ Ng6 29. h4 Kh7 30. h5 Nf4+ 0-1

[Event "Titled Tue 10th Jun Early"]
[Site "chess.com INT"]
[Date "2025.06.10"]
[Round "1"]
[White "Caruana, Fabiano"]
[Black "Labussiere, Victor"]
[Result "1-0"]
[WhiteTitle "GM"]
[BlackTitle "FM"]
[WhiteElo "2777"]
[BlackElo "2312"]
[WhiteFideId "2020009"]
[BlackFideId "2183129"]
[EventDate "2025.06.10"]

1. f4 d5 2. Nf3 g6 3. g3 Bg7 4. Bg2 Nf6 5. O-O O-O 6. d3 c5 7. Qe1 d4 8. c3 Nc6
9. Na3 Nd5 10. Bd2 Re8 11. Nc4 b6 12. Qf2 Bb7 13. Nce5 dxc3 14. bxc3 Rb8 15.
Rad1 Qc7 16. Nxf7 Nxc3 17. Bxc3 Bxc3 18. N7g5 Bd4 19. e3 Bf6 20. h4 e5 21. h5
gxh5 22. Ne4 Bg7 23. f5 Rf8 24. Nfg5 Bc8 25. Qe2 Bxf5 26. Qxh5 Bg6 27. Qh4 Qe7
28. Nc3 Rbc8 29. Rxf8+ Bxf8 30. Nd5 Qd6 31. Ne4 Qd8 32. Nef6+ Kg7 33. Be4 Bxe4
34. dxe4 h6 35. Qg4+ 1-0

[Event "Titled Tue 10th Jun Early"]
[Site "chess.com INT"]
[Date "2025.06.10"]
[Round "1"]
[White "Fofanov, Ilia"]
[Black "Urquhart, Ed"]
[Result "0-1"]
[WhiteTitle "CM"]
[WhiteElo "2182"]
[BlackElo "2209"]
[WhiteFideId "4158962"]
[BlackFideId "2603748"]
[EventDate "2025.06.10"]

1. e4 c5 2. c3 d5 3. exd5 Qxd5 4. d4 Nc6 5. Nf3 Bg4 6. Be2 e6 7. O-O Nf6 8. h3
Bh5 9. Be3 cxd4 10. cxd4 Be7 11. Nc3 Qd8 12. Qb3 O-O 13. Qxb7 Nb4 14. Rad1 Nfd5
15. a3 Nxc3 16. bxc3 Nd5 17. Bd2 Bxa3 18. Ra1 Rb8 19. Qxa7 Bb2 20. Ra5 Bxf3 21.
Bxf3 Nxc3 22. Bf4 Rb4 23. Qc5 Qxd4 24. Be3 Qc4 0-1

[Event "Titled Tue 10th Jun Early"]
[Site "chess.com INT"]
[Date "2025.06.10"]
[Round "1"]
[White "Dumanuly, Sultanbeibarys"]
[Black "Alonso Rosell, Alvar"]
[Result "0-1"]
[WhiteTitle "FM"]
[BlackTitle "GM"]
[WhiteElo "2212"]
[BlackElo "2536"]
[WhiteFideId "13731963"]
[BlackFideId "2270544"]
[EventDate "2025.06.10"]

1. e4 e6 2. d4 d5 3. Nd2 a6 4. Ngf3 c5 5. exd5 exd5 6. Be2 cxd4 7. O-O Bd6 8.
Nb3 Nf6 9. Nbxd4 h6 10. h3 O-O 11. c3 Nc6 12. Bd3 Bd7 13. Re1 Re8 14. Be3 Ne4
15. Nd2 Qf6 16. Nxc6 Bxc6 17. Qf3 Qe5 18. g3 Qe6 19. h4 f5 20. Bf4 Bc5 21. Be3
d4 22. Bc4 dxe3 23. Bxe6+ Rxe6 24. Qxf5 exf2+ 25. Kh2 Rf6 26. Rxe4 Rxf5 0-1

[Event "Titled Tue 10th Jun Early"]
[Site "chess.com INT"]
[Date "2025.06.10"]
[Round "1"]
[White "Aditya, Varun Gampa"]
[Black "Tsapov, Igor"]
[Result "1-0"]
[WhiteTitle "FM"]
[BlackTitle "CM"]
[WhiteElo "2186"]
[BlackElo "2093"]
[WhiteFideId "45066183"]
[BlackFideId "4179005"]
[EventDate "2025.06.10"]

1. a3 d5 2. e3 Nf6 3. Nf3 c6 4. b4 Bf5 5. Bb2 e6 6. d3 Nbd7 7. Nbd2 Bg6 8. Qe2
Bd6 9. e4 Bc7 10. e5 Ng8 11. h4 h5 12. c4 Ne7 13. g3 Nf5 14. Bg2 Bb6 15. O-O-O
a5 16. Nb3 axb4 17. axb4 Ra4 18. Qd2 Qe7 19. c5 Bc7 20. Kc2 O-O 21. Ra1 Rfa8 22.
Rxa4 Rxa4 23. Ra1 Rxa1 24. Bxa1 b6 25. Qc3 bxc5 26. bxc5 Qf8 27. Qb4 Qb8 28.
Qxb8+ Bxb8 29. Nfd4 Nxe5 30. f4 Nxd4+ 31. Nxd4 Ng4 32. Nxc6 Ne3+ 33. Kd2 Nxg2
34. Nxb8 e5 35. Bxe5 Bf5 36. c6 f6 37. Bd6 Bc8 38. Nd7 g5 39. fxg5 fxg5 40. hxg5
h4 41. gxh4 Nxh4 42. Nb6 Ba6 43. c7 Nf5 44. c8=Q+ Bxc8 45. Nxc8 Nxd6 46. Nxd6
Kg7 47. Ke3 Kg6 48. Kf4 1-0

[Event "Titled Tue 10th Jun Early"]
[Site "chess.com INT"]
[Date "2025.06.10"]
[Round "1"]
[White "Shimanov, Aleksandr"]
[Black "Tikhonov, Viacheslav"]
[Result "1-0"]
[WhiteTitle "GM"]
[BlackTitle "CM"]
[WhiteElo "2578"]
[BlackElo "2183"]
[WhiteFideId "4198603"]
[BlackFideId "44196407"]
[EventDate "2025.06.10"]

1. d4 Nf6 2. c4 g6 3. Nc3 d5 4. Nf3 Bg7 5. e3 O-O 6. Qb3 c6 7. Be2 Qb6 8. O-O
Bf5 9. Bd2 Nbd7 10. h3 Ne4 11. cxd5 Nxc3 12. bxc3 Qxb3 13. axb3 cxd5 14. g4 Bc2
15. Ra3 h6 16. c4 dxc4 17. bxc4 e5 18. Rc1 Be4 19. Bc3 Rfc8 20. Nd2 exd4 21.
exd4 Nf6 22. d5 Re8 23. Bf1 g5 24. Re1 Bg6 25. Rxe8+ Nxe8 26. Bxg7 Kxg7 27. c5
Nf6 28. d6 Rc8 29. Nb3 a6 30. Bg2 Rb8 31. Na5 Nd7 32. Nxb7 Rxb7 33. Bxb7 Nxc5
34. Bc6 Kf8 35. d7 Ke7 36. Re3+ 1-0

[Event "Titled Tue 10th Jun Early"]
[Site "chess.com INT"]
[Date "2025.06.10"]
[Round "1"]
[White "Lee, Junhyeok"]
[Black "Zaksaite, Salomeja"]
[Result "1-0"]
[WhiteTitle "IM"]
[BlackTitle "WGM"]
[WhiteElo "2434"]
[BlackElo "2133"]
[WhiteFideId "13202340"]
[BlackFideId "12801496"]
[EventDate "2025.06.10"]

1. d4 g6 2. e4 Bg7 3. Nf3 d6 4. c3 Nd7 5. Bd3 c5 6. O-O Ngf6 7. Re1 O-O 8. h3 b6
9. Nbd2 Bb7 10. Nf1 Rc8 11. Ng3 cxd4 12. cxd4 e5 13. Bg5 h6 14. Bd2 exd4 15.
Nxd4 Nc5 16. Bc2 d5 17. e5 Nfe4 18. Nxe4 dxe4 19. Nb5 Bxe5 20. Bxh6 Re8 21. Nxa7
Qxd1 22. Raxd1 Ra8 23. Nb5 Rxa2 24. Bc1 Nd3 25. Bxd3 exd3 26. Nd6 Bxd6 27. Rxe8+
Kg7 28. Rxd3 Ra1 29. Rxd6 Rxc1+ 30. Kh2 Rc2 31. Rxb6 Bd5 32. Re5 Be6 33. Kg3 Kf6
34. Re3 1-0